000 01840nam a22002777a 4500
001 1087
005 20230803142519.0
008 230721b cb ||||| |||| 00| 0 khr d
020 _a9789924341574
040 _aFISKH
_beng
_cFISKH
_dFISKH
082 _a398.21
100 _aSouvuthy, Sok
245 _aវារី និង មែកឈើ /
250 _aSipar printing, September 2022.
260 _aPhnom Penh :
_bSipar,
_c2022.
300 _a24 pages :
_bcolor illustrations,
_c22 cm.
505 _aG
520 _aសៀវភៅនេះនិយាយអំពីតួអង្គ២នាក់ឈ្មោះ វ៉ារី និង រីគីដែលបានចាកចេញពីមិត្តមួយក្រុមរបស់ពួកគេទៅរកបេះផ្លែឈើហើយក៏ជួបនូវឧបទវហេតុមួយ ដោយមានខ្យល់បក់បោកយ៉ាងខ្លាំងបានធ្វើឲធ្លាក់មែកឈើសង្កត់ទៅលើខ្នងរបស់ វ៉ារី ហើយមិត្តភក្តិរបស់វ៉ារីទាំងអស់បានព្យាយាមរកមធ្យោបាយដើម្បីជួយគាត់។
520 _aThis book tells the story of two characters, Vary and Ricky, who leave their group of friends to search for fruit when an accident happens. A strong wind blows a tree branch down on top of one of them and their group of friends must try to find and rescue them.
521 _a380
_bLexile estimate
521 _aG
_bRaz-Plus
650 _aធម្មជាតិ
_vរឿងព្រេង
_xមិត្តភាព
650 _aNature
_vFairytale
_xFriendship
700 _aSopheap, Seat
_cillustrator.
942 _2ddc
_cBK
_n0
999 _c1087
_d1087